000 01198naa a22003137a 4500
001 BR9605530
003 BR-BrBNA
005 20240918181700.0
007 ta
008 230509b bl.||||| |||| 00| 0 por d
040 _aBR-BrBNA
_bpor
_cBiblioteca Nacional de Agricultura
041 _a(Pt)
072 _aH20
_b2120
_b4120
_b3877
090 _aH20 BR9605530
100 1 _aCarneiro Filho, F.
100 1 _aMatiello, J.B.
100 1 _aMansk, Z.
111 1 _a12. Congresso Brasileiro de Pesquisas Cafeeiras
_cCaxambu, MG (Brazil)
_d28-31 Oct 1985
245 1 _aEfeito do fungicida sistemico experimental S 3308L, no controle a ferrugem do cafeeiro no estado do Parana
260 3 _aRio de Janeiro, RJ (Brasil):
_c1985.
500 _a12. Congresso Brasileiro de Pesquisas Cafeeiras. Trabalhos apresentados Rio de Janeiro, RJ (Brasil): 1985. p. 106-108 (BR9605530-AM)H20
650 _aCafe
650 _aFerrugem
650 _aFungicida Sistemico
650 _aParana
773 0 _t12. Congresso Brasileiro de Pesquisas Cafeeiras. Trabalhos apresentados
_wH20 BR9605530
_gRio de Janeiro, RJ (Brasil), 1985. p. 106-108
909 _a202404
_bLucia
_c55
_dLucia Elande
942 _cAM
_2AGRIS
999 _c326405
_d326405